Outlook 2007

Αποθηκεύτηκε σε:
Λεπτομέρειες βιβλιογραφικής εγγραφής
Συγγραφή απο Οργανισμό/Αρχή: Δημοσιογραφικός Οργανισμός Λαμπράκη
Άλλοι συγγραφείς: Βαρελάς, Π.
Μορφή: Βιβλίο
Γλώσσα:Greek
Δημοσίευση: Αθήνα : Δημοσιογραφικός Οργανισμός Λαμπράκη, 2007.
Σειρά:Microsoft Windows (Computer file) ; 4
Θέματα:
Ετικέτες: Προσθήκη ετικέτας
Δεν υπάρχουν, Καταχωρήστε ετικέτα πρώτοι!

MARC

LEADER 00000cam a2200000 i 4500
001 1/42982
008 070403s2007 gr | ||| |||| ||gre||
035 |l 10087492 
040 |a GR-MyUA  |b gre  |e AACR2 
041 0 |a gre 
082 0 |a 005.369  |2 (21) 
245 1 0 |a Outlook 2007 /   |c κείμενα Π. Βαρελάς ...[κ. ά.].  
260 |a Αθήνα :   |b Δημοσιογραφικός Οργανισμός Λαμπράκη,   |c 2007.  
300 |a 311 σ. :   |b εικ. ;   |c 23 εκ.  
490 1 |a (Windows Vista Office 2007   |v ; 4)  
500 |a Διανέμεται με το περιοδικό RAM Φεβρουαρίου 2007.  
630 0 0 |a Microsoft Outlook. 
650 0 0 |a Microsoft software. 
650 0 0 |a Electronic mail systems  |x Computer programs. 
700 1 |a Βαρελάς, Π. 
710 2 |a Δημοσιογραφικός Οργανισμός Λαμπράκη. 
830 0 |a Microsoft Windows (Computer file)  |v  ; 4 
852 |a INST  |b CHIOS  |e 20070403  |h 005.57 OUT  |p 005200028993  |q 005200028993  |t BK  |y 0  |z τ.4 
852 |a INST  |b CHIOS  |e 20070403  |h 005.57 OUT  |p 005200028993  |q 005200028993  |t BK  |v τ.4:  |y 0  |z τ.4 
852 |a INST  |b LESVOS  |e 20070613  |h 005.57 OUT  |p 005100037227  |q 005100037227  |t BK  |y 0  |z ??? 
852 |a INST  |b LESVOS  |e 20070613  |h 005.57 OUT  |p 005100037227  |q 005100037227  |t BK  |v τ.4:  |y 0  |z ??? 
852 |a INST  |b SAMOS  |e 20070511  |h 005.369 OUT  |p 005300026385  |q 005300026385  |t BK  |y 0  |z ??? 
852 |a INST  |b SAMOS  |e 20070511  |h 005.369 OUT  |p 005300026385  |q 005300026385  |t BK  |v τ.4:  |y 0  |z ??? 
853 |a INST  |b CHIOS  |h 005.57 OUT 
853 |a INST  |b LESVOS  |h 005.57 OUT 
853 |a INST  |b SAMOS  |h 005.369 OUT 
901 |a BIBL3-2007-2 
901 |a BIBL2-2007-1 
901 |a BIBL1-2007-2 
909 |a Σ  |b 125081 
909 |a Χ  |b 130979 
909 |a Λ  |b 118565 
970 |a ΒΑΣΙΛΑΚΗ  |b ΝΙΚΗ  |z 2007/04/03